00362nam a22001097a 450000500170000000800410001708200170005824500990007526000380017430000200021250000200023220250606034838.0250606b |||||||| |||| 00| 0 eng d 222a305bJAN aJanamathiyawethiyin santha lama hithin ha lamun pilibantha wartha kirima pilbantha punu modiul aNawalabKantha Shakthi Publishers a118 p ., ( c 2) aChildren Rights